000 00381 a2200169 4500
001 71994
020 _a8532217451
040 _cAnchieta - Colégio São Paulo
100 _aMachado, Ana Maria
240 1 0 _aCachinhos de Ouro
_lpor
245 1 0 _aCachinhos de Ouro
300 _a[21p.]
362 0 _a1996
440 1 _aFTD
650 4 _aLiteratura infanto-juvenil
942 _cBK
999 _c71994
_d71994